000 00851nam a22002777a 4500
003 CHAP
005 20220329140611.0
008 971013s1975 r 10010 d
010 _a54575
011 _a55547
035 _a59699
040 _cCHAP
082 _a378.1
_bS4
111 0 0 _aSeminario Técnico sobre Recuperación del Crédito Educativo (
_n3
_d: 1974
_c: Caracas)
_9104362
245 _aMemoria
260 _aCaracas :
_b(APICE),
_c(1975?)
300 _a275 p.
590 _aBATCH-UPD
_b10
_c20130110
_lUCH01
_h0312
590 _aBATCH-UPD
_b10
_c20130409
_lUCH01
_h2345
590 _aBATCH-UPD
_b10
_c20130914
_lUCH01
_h1237
590 _aCONVERSION
_b10
_c20130109
_lUCH01
_h1329
650 1 4 _aEducación
_xFinanciamiento.
_935447
901 _aBK
942 _cLIBRO
949 _a378.1 S4
_bBC
_cLIBRO
_d33724000151122
_eLIBRO
_h53864
_i59699
_si
999 _c54575
_d54575